Geometry Dash every hard famous level - Statistics

General Stats
  • This quiz has been taken 30 times
  • The average score is 14 of 95
Answer Stats
Answer % Correct
Orbit
81%
Bloodbath
71%
Thinking Space
62%
Thinking Space II
62%
Bloodlust
57%
Tidal Wave
57%
Amethyst
48%
Sonic Wave
48%
Cataclysm
43%
Tartarus
43%
Limbo
38%
Silent
38%
Silent Clubstep
38%
Anathema
33%
Every End
33%
Nullscapes
33%
Sakupen Hell
33%
Slaughterhouse
33%
Acheron
29%
Avernus
29%
Boobawamba
29%
Flamewall
29%
Sakupen Circles
29%
Sonic Wave Infinity
29%
Andromeda
24%
Grief
24%
Yatagarasu
24%
Firework
19%
Abyss of Darkness
14%
Arcturus
14%
Artificial Ascent
14%
Ashley Wave Trials
14%
Heliopolis
14%
Kenos
14%
Kocmoc
14%
Deimos
10%
Exasperation
10%
Eyes in the Water
10%
Ice Carbon Diablo X
10%
Kocmoc Unleashed
10%
Kyouki
10%
Menace
10%
Quanteuse Processing
10%
Tunnel of Despair
10%
Aeternus
5%
Angelicide
5%
Ascension to Heaven
5%
Azure Flare
5%
Based After Based
5%
Belladonna
5%
Codependence
5%
Defeated Circles
5%
Edge of Destiny
5%
Injury
5%
Kosetsu
5%
Mayhem
5%
Orochi
5%
Renevant
5%
Sakupen End
5%
Silent Circles
5%
Silent Clubstep II
5%
Solar Flare
5%
Spectre
5%
Subsuming Vortex
5%
Subterminal Point
5%
Tsunami
5%
Vehemence
5%
Adramelech
0%
Agony
0%
Banshee
0%
Chil
0%
Collapse
0%
Deadlier Clubstep
0%
Delta
0%
Diabolic Clubstep
0%
Eternal Nights
0%
Eviscerate
0%
Fairy Knife Hell
0%
Fallen Symphony
0%
Jigsaw
0%
MinusDry
0%
MinusWorld
0%
NebulaBrasque
0%
Nomad
0%
PooCubed
0%
Scattered Faith
0%
Sevvend Clubstep
0%
Silent Acropolis
0%
Silentlocked
0%
Sweeping Demon II
0%
The Hallucination
0%
The Human Limit
0%
Waru
0%
Wavterminal
0%
Wrath
0%
No matching quizzes found
Score Distribution
Percent of People with Each Score
Percentile by Number Answered
Your Score History
You have not taken this quiz